| 000 | 00654cam a2200181 4500500 | ||
|---|---|---|---|
| 005 | 20260329005949.0 | ||
| 041 | _afre | ||
| 042 | _adc | ||
| 100 | 1 | 0 |
_aOrtoli, Sven _eauthor |
| 245 | 0 | 0 | _aMathieu Potte-Bonneville : "’Game of Thrones’ tient plus de Machiavel que de Hobbes" |
| 260 | _c2019. | ||
| 500 | _a71 | ||
| 690 | _aGame of Thrones | ||
| 690 | _aMachiavel | ||
| 690 | _aMathieu Potte-Bonneville | ||
| 786 | 0 | _nPhilosophie magazine - Hors séries | Hors-série Pritemps 2019 | HS41 | 2019-04-01 | p. 8-9 | 2104-9246 | |
| 856 | 4 | 1 | _uhttps://shs.cairn.info/magazine-philosophie-magazine-2019-hs41-page-8?lang=fr&redirect-ssocas=7080 |
| 999 |
_c1848265 _d1848265 |
||